[Event "Tournament (Elo) \"]
[Site "masterchessopen.com - Warsaw (Poland)"]
[Date "2008.10.14"]
[Round "2"]
[White "Witek Tomasz (POL)"]
[Black "Moskwinski Tadeusz (POL)"]
[Result "0-1"]
[WhiteElo "2155"]
[BlackElo "2178"]

1.d4 f5 2.c4 Nf6 3.g3 g6 4.Bg2 Bg7 5.Nc3 O-O 6.Nf3 d6 7.O-O c6 8.Re1 Ne4 9.Qc2
Nxc3 10.Qxc3 e5 11.dxe5 dxe5 12.e4 f4 13.b3 Qe7 14.Bb2 c5 15.Red1 Nc6 16.gxf4
Rxf4 17.Bc1 Rf8 18.Bg5 Rxf3 19.Qd2 Bf6 20.Bh6 Nd4 21.Be3 Bg4 22.Bxd4 cxd4
23.Bxf3 Bxf3 24.Rdc1 {#R} 0-1

[Event "Ch Croatia (team) (2nd league)"]
[Site "masterchessopen.com - Zagreb (Croatia)"]
[Date "2008.10.26"]
[Round "9"]
[White "Drcelic Josip (CRO)"]
[Black "Tomasic Roland (CRO)"]
[Result "1-0"]
[WhiteElo "2231"]
[BlackElo "2115"]

1.d4 f5 2.c4 Nf6 3.Nc3 d6 4.g3 c6 5.Bg2 g6 6.Nf3 Bg7 7.O-O O-O 8.b3 Na6 9.Bb2
Nc7 10.Qd2 Ne4 11.Nxe4 fxe4 12.Ne1 d5 13.cxd5 cxd5 14.f3 exf3 15.Nxf3 Bf5
16.Ne5 Qd6 17.Rac1 Ne6 18.Qa5 Bh6 19.Rcd1 Be3+ 20.Kh1 Be4 21.Bxe4 dxe4 22.Nc4
b6 23.Qe1 Qd5 24.Nxe3 Qh5 25.d5 Rxf1+ 26.Qxf1 Ng5 27.d6 Rf8 28.dxe7 Re8 29.Qf6
{#r} 1-0

[Event "Tournament (b)"]
[Site "masterchessopen.com - Montigny le Bretonneux (France)"]
[Date "2008.10.30"]
[Round "6"]
[White "Hedjazian Farhad (FRA)"]
[Black "Delpech Olivier (FRA)"]
[Result "1-0"]
[WhiteElo "1680"]
[BlackElo "1784"]

1.d4 f5 2.g3 Nf6 3.Bg2 g6 4.Nf3 Bg7 5.c4 d6 6.Nc3 O-O 7.O-O c6 8.Bg5 Qe8 9.h3
e5 10.d5 c5 11.Nb5 Qe7 12.Qd2 a6 13.Nc3 Bd7 14.e4 Qf7 15.Nh4 fxe4 16.f4 Qe8
17.fxe5 Qxe5 18.Bf4 Qd4+ 19.Qf2 Qxc4 20.Bxd6 Re8 21.Bxc5 Kh8 22.Rac1 Nxd5
23.Nxe4 Qb5 24.Nd6 Qc6 25.Nxe8 Bxe8 26.Bd4 {#r} 1-0

[Event "Ch France (team) (nat.1) 2008/09"]
[Site "masterchessopen.com - France"]
[Date "2008.11.09"]
[Round "3"]
[White "Tachikart Yassin (FRA)"]
[Black "Sorbe Stephane (FRA)"]
[Result "0-1"]
[WhiteElo "2097"]
[BlackElo "2314"]

1.d4 f5 2.c4 g6 3.g3 Bg7 4.Bg2 Nf6 5.Nc3 O-O 6.Nf3 d6 7.O-O c6 8.Re1 Ne4 9.Qc2
Nxc3 10.bxc3 e5 11.e3 g5 12.c5 e4 13.Nd2 d5 14.c4 f4 15.gxf4 gxf4 16.exf4 Qh4
17.Nb3 Rf6 18.Qc3 Rg6 19.Kh1 Qxf2 20.Rg1 Bg4 21.Be3 Qh4 22.f5 Bxf5 23.cxd5
cxd5 24.Qb4 Nc6 25.Qxb7 Re8 26.Qc7 Rc8 27.Qb7 Rb8 28.Qc7 Rc8 29.Qb7 Be6
30.Raf1 Ne5 31.Bf4 Ng4 32.Bg3 Qxg3 {#R} 0-1

[Event "Ch Central Serbia"]
[Site "masterchessopen.com - Vrnjacka Banja (Serbia)"]
[Date "2008.11.09"]
[Round "3"]
[White "Antic Dejan (SRB)"]
[Black "Simic Milan (SRB)"]
[Result "1-0"]
[WhiteElo "2489"]
[BlackElo "2136"]

1.d4 f5 2.g3 Nf6 3.Bg2 g6 4.Nf3 Bg7 5.O-O O-O 6.c4 d6 7.Nc3 c6 8.d5 e5 9.dxe6
Bxe6 10.b3 Na6 11.Ba3 Ne8 12.Rc1 Qe7 13.Qd2 h6 14.e4 Nc5 15.e5 b6 16.Rfe1 Rd8
17.Qe3 Bc8 18.Nd4 Qxe5 19.Nxc6 Qxe3 20.Rxe3 Bxc3 21.Rcxc3 Rd7 22.Ne7+ Kf7
23.Bd5+ Kf6 24.Bxc5 {#r} 1-0

[Event "Ch Europe (active)"]
[Site "masterchessopen.com - Warsaw (Poland)"]
[Date "2008.12.20"]
[Round "5"]
[White "Karkalas Arvydas (LTU)"]
[Black "Samolins Vitalijs (LAT)"]
[Result "0-1"]
[WhiteElo "2192"]
[BlackElo "2444"]

1.Nf3 f5 2.c4 Nf6 3.g3 d6 4.d4 g6 5.Bg2 Bg7 6.O-O O-O 7.Nc3 c6 8.Qc2 Na6 9.Re1
Qc7 10.e4 Nb4 11.Qe2 fxe4 12.Ng5 d5 13.Bf4 Qb6 14.c5 Qd8 15.Be3 h6 16.Nh3 Bg4
17.Qd2 Nd3 18.Bxh6 Nxe1 19.Rxe1 Qd7 20.Bxg7 Kxg7 21.Ng5 Nh7 22.Nxh7 Kxh7 23.h4
Qf5 24.Re3 Rf7 25.Ne2 Qxf2+ 26.Kh2 Bf3 27.Qd1 {#R} 0-1

[Event "Ch Europe (active)"]
[Site "masterchessopen.com - Warsaw (Poland)"]
[Date "2008.12.20"]
[Round "3"]
[White "Scibior Adam (POL)"]
[Black "Warakomski Tomasz (POL)"]
[Result "0-1"]
[WhiteElo "2226"]
[BlackElo "2488"]

1.Nf3 g6 2.c4 Bg7 3.d4 d6 4.g3 f5 5.Bg2 Nf6 6.Nc3 O-O 7.O-O c6 8.Qc2 Qc7 9.d5
cxd5 10.cxd5 Na6 11.Rd1 Ne4 12.Bd2 Nxd2 13.Qxd2 Bd7 14.Rac1 Rac8 15.Nd4 Qa5
16.b3 Rc5 17.Qe3 Rfc8 18.Qxe7 Rxc3 19.Ne6 Bxe6 20.Qxe6+ Kh8 {#R} 0-1

[Event "Memorial P.Dubinin (open)"]
[Site "masterchessopen.com - Nizhnij Novgorod (Russia)"]
[Date "2009.01.10"]
[Round "0"]
[White "Gorishniy Yuri (RUS)"]
[Black "Bocharnikov Oleg (RUS)"]
[Result "1-0"]
[WhiteElo "2080"]
[BlackElo "1841"]

1.Nf3 f5 2.d4 Nf6 3.g3 g6 4.Bg2 Bg7 5.O-O O-O 6.c4 d6 7.Nc3 c6 8.b3 h6 9.Qc2
Qe8 10.Ba3 Be6 11.Rad1 Nbd7 12.Rfe1 d5 13.cxd5 cxd5 14.Qd3 Ne4 15.Nb5 Rc8
16.Nxa7 Rc3 17.Qb1 {#r} 1-0

[Event "Bundesliga B East 2008/09"]
[Site "masterchessopen.com - Austria"]
[Date "2009.01.18"]
[Round "7"]
[White "Sulyok Michael (AUT)"]
[Black "Mittermayr Gerhard (AUT)"]
[Result "1-0"]
[WhiteElo "2240"]
[BlackElo "2178"]

1.c4 f5 2.Nf3 Nf6 3.g3 g6 4.Bg2 Bg7 5.O-O O-O 6.d4 d6 7.Nc3 c6 8.Rb1 Qc7 9.d5
Na6 10.Nd4 e5 11.dxe6 Qe7 12.b4 Nc7 13.b5 c5 14.Nc2 Nxe6 15.Ne3 Rb8 16.Ned5
Qf7 17.Nxf6+ Qxf6 18.Qxd6 Qxc3 19.Qxb8 Qxc4 20.Bb2 Nd4 21.Bxd4 cxd4 22.Rbc1
Qe6 23.Rc5 Kh8 24.Bd5 Qe8 25.Rfc1 Bd7 26.Qxe8 Rxe8 27.Bxb7 Be6 28.a4 h5 29.Rc7
Be5 30.Bc6 Rf8 31.Rxa7 Bd6 32.Ra8 {#r} 1-0

[Event "Tournament (Elo) (a)"]
[Site "masterchessopen.com - Nevinomyssk (Russia)"]
[Date "2009.02.26"]
[Round "8"]
[White "Gutyakulov Amal (RUS)"]
[Black "Kim Vitaliy (RUS)"]
[Result "1-0"]
[WhiteElo "1964"]
[BlackElo "2047"]

1.d4 f5 2.Nf3 g6 3.g3 Bg7 4.Bg2 Nf6 5.O-O O-O 6.c4 d6 7.Nc3 c6 8.Re1 Ne4 9.Qc2
Nxc3 10.Qxc3 e5 11.dxe5 Nd7 12.Bg5 Qe8 13.Rad1 dxe5 14.Qa3 e4 15.Nd4 Ne5 16.b3
Be6 17.f3 h6 18.Be7 Rf7 19.Nxe6 Rxe7 20.Nxg7 Rxg7 21.fxe4 Ng4 22.Rd4 Qe5
23.Qd6 Qa5 24.b4 Qxa2 25.exf5 gxf5 26.Qe6+ Kh8 27.Qxf5 Rag8 28.Bf3 Rg5 29.Qf4
Qb3 30.Bxg4 Rxg4 31.Qxh6# 1-0

[Event "It (open)"]
[Site "masterchessopen.com - Split (Croatia)"]
[Date "2009.03.04"]
[Round "5"]
[White "Saric Nenad (CRO)"]
[Black "Dzaja Martin Zorislav (CRO)"]
[Result "1-0"]
[WhiteElo "1773"]
[BlackElo "1655"]

1.c4 f5 2.d4 Nf6 3.Nc3 g6 4.Nf3 Bg7 5.g3 O-O 6.Bg2 d6 7.O-O c6 8.b4 Qc7 9.Qb3
Kh8 10.Bb2 e5 11.d5 cxd5 12.Nxd5 Nxd5 13.cxd5 b6 14.Rac1 Qe7 15.e3 Bb7 16.Rc2
Na6 17.Rfc1 Rac8 18.Bf1 Rxc2 19.Rxc2 Rc8 20.a3 Rxc2 21.Qxc2 Bxd5 22.Qc8+ Qf8
23.Qxa6 Bxf3 24.Qxa7 Qc8 25.Qxb6 Bf8 26.Qa7 Kg8 27.Qa4 Qe6 28.Qc2 d5 29.b5 d4
30.a4 Qa2 31.Bc4+ {#r} 1-0

[Event "Ch Turkey"]
[Site "masterchessopen.com - Safranbolu (Turkey)"]
[Date "2009.03.25"]
[Round "1"]
[White "Arslan Erdal (TUR)"]
[Black "Yilmaz Turhan (TUR)"]
[Result "0-1"]
[WhiteElo "2145"]
[BlackElo "2330"]

1.d4 f5 2.Nf3 Nf6 3.c4 g6 4.g3 Bg7 5.Bg2 O-O 6.O-O d6 7.Nc3 c6 8.a4 a5 9.d5 e5
10.dxe6 Bxe6 11.Qb3 Qe7 12.Ng5 Bc8 13.Bf4 Kh8 14.Rad1 Ne8 15.Rfe1 h6 16.Nf3 g5
17.Be3 Nd7 18.Bd4 Ne5 19.Nxe5 dxe5 20.Bb6 Be6 21.Na2 Qf7 22.Qa3 Bxc4 23.Nc1
Nf6 24.Qc5 Bd5 25.Bxd5 cxd5 26.Bxa5 f4 27.Kg2 Qh5 28.f3 g4 29.b4 fxg3 30.Qg1
Ne4 {#R} 0-1

[Event "Ch Russia (juniors) (under 18) (1 league) (g)"]
[Site "masterchessopen.com - Dagomys (Russia)"]
[Date "2009.04.15"]
[Round "1"]
[White "Emelianova Ekaterina (RUS)"]
[Black "Ismatulaeva Elmira (RUS)"]
[Result "0-1"]
[WhiteElo "1756"]
[BlackElo "1954"]

1.c4 f5 2.Nc3 Nf6 3.g3 g6 4.Bg2 Bg7 5.Nf3 O-O 6.O-O d6 7.d4 c6 8.Qc2 Nbd7
9.Rb1 e5 10.dxe5 dxe5 11.e3 e4 12.Nd4 Ne5 13.c5 b6 14.b4 Qe8 15.Na4 Ba6 16.Rd1
Bd3 17.Qb3+ Bc4 18.Qc2 Bd3 19.Qb3+ Nd5 20.Rxd3 Nxd3 21.cxb6 Rf7 22.bxa7 Raxa7
23.a3 Qa8 24.Nc3 Nxc1 25.Rxc1 Rxa3 26.Qc4 Nb6 27.Qe6 Rxc3 28.Rxc3 Qa1+ {#R}
0-1

[Event "Ch Belgium (juniors) (under 16)"]
[Site "masterchessopen.com - Houffalize (Belgium)"]
[Date "2009.04.18"]
[Round "8"]
[White "Schaeken Yordi (BEL)"]
[Black "Van Den Heede Dorian (BEL)"]
[Result "1-0"]
[WhiteElo "2078"]
[BlackElo "1848"]

1.d4 f5 2.Nf3 Nf6 3.g3 d6 4.Bg2 g6 5.O-O Bg7 6.c4 c6 7.Nc3 O-O 8.Rb1 Qe8 9.d5
Na6 10.dxc6 bxc6 11.b4 Bb7 12.b5 Nc5 13.Nd4 cxb5 14.Bxb7 Nxb7 15.Ne6 Rf7
16.Nc7 Qc6 17.Nxa8 Nc5 18.Rxb5 Qxa8 19.Nd5 Qd8 20.Nxf6+ Bxf6 21.Rxc5 e5 22.Rd5
Rd7 23.Ba3 Be7 24.c5 {#r} 1-0

[Event "Ch Russia (juniors) (under 18) (1 league)"]
[Site "masterchessopen.com - Dagomys (Russia)"]
[Date "2009.04.19"]
[Round "5"]
[White "Kuzin Sergey (RUS)"]
[Black "Chernikov Oleg (RUS)"]
[Result "1-0"]
[WhiteElo "2028"]
[BlackElo "1948"]

1.d4 f5 2.c4 Nf6 3.Nc3 g6 4.g3 Bg7 5.Bg2 O-O 6.Nf3 d6 7.O-O c6 8.Re1 Ne4 9.Bf4
h6 10.h4 Nd7 11.Qc1 Kh7 12.Rd1 Qe8 13.d5 Ndc5 14.Nd4 e5 15.dxe6 Bxd4 16.Rxd4
Nxe6 17.Rxe4 fxe4 18.Bxh6 Rg8 19.Nxe4 Qe7 20.Qe3 Re8 21.Rd1 Ng7 22.Bg5 Qf8
23.Qc3 Nh5 24.Bf3 Bf5 25.Nxd6 Re6 26.Nxf5 Qxf5 27.Rd7+ Kg8 28.Bh6 {#r} 1-0

[Event "Liga Mazowiecka 2009"]
[Site "masterchessopen.com - Mazowsze (Poland)"]
[Date "2009.04.20"]
[Round "8"]
[White "Skwarnicki Adam (POL)"]
[Black "Llaneza Vega Victor (ESP)"]
[Result "1-0"]
[WhiteElo "2020"]
[BlackElo "2043"]

1.d4 f5 2.c4 Nf6 3.Nf3 g6 4.g3 d6 5.Bg2 Bg7 6.O-O O-O 7.Nc3 c6 8.b4 Na6 9.Qb3
Nc7 10.Rd1 Qe8 11.Rb1 e5 12.dxe5 dxe5 13.e4 Nxe4 14.Nxe4 fxe4 15.Ng5 Bf5
16.Nxe4 Rd8 17.Rxd8 Qxd8 18.Bg5 Qc8 19.Rd1 Bxe4 20.Bxe4 Qg4 21.c5+ Kh8 22.Be7
Re8 23.f3 Qc8 24.Qf7 Ne6 25.Rd6 Nd4 26.Bf6 Bxf6 27.Qxf6+ Kg8 28.Bd3 Nxf3+
29.Qxf3 Rf8 30.Rf6 Kg7 {#r} 1-0

[Event "Memorial Voroniatov (open)"]
[Site "masterchessopen.com - Nizhnij Novgorod (Russia)"]
[Round "0"]
[White "Kluev Vladimir (RUS)"]
[Black "Bocharnikov Oleg (RUS)"]
[Result "1-0"]
[WhiteElo "2107"]
[BlackElo "1841"]

1.Nf3 f5 2.d4 Nf6 3.c4 g6 4.g3 Bg7 5.Bg2 O-O 6.O-O d6 7.Nc3 c6 8.Ng5 h6 9.Nf3
Qe8 10.Re1 e5 11.dxe5 dxe5 12.e4 Nxe4 13.Nxe4 fxe4 14.Nd2 Qf7 15.Nxe4 Qxc4
16.Be3 Qe6 17.h4 Na6 18.a3 Nc7 19.Qd2 Kh7 20.Rad1 b6 21.Nc3 Bb7 22.Be4 Rad8
23.Qc2 Nd5 24.h5 {#r} 1-0

[Event "It (open)"]
[Site "masterchessopen.com - La Laguna (Spain)"]
[Date "2009.05.04"]
[Round "1"]
[White "Strikovic Aleksa (SRB)"]
[Black "Santos Izquierdo Carlos (ESP)"]
[Result "1-0"]
[WhiteElo "2523"]
[BlackElo "1798"]

1.c4 d6 2.d4 f5 3.Nf3 Nf6 4.g3 g6 5.Bg2 Bg7 6.O-O O-O 7.Nc3 c6 8.Qb3 h6 9.Rd1
Kh7 10.d5 Na6 11.Nd4 Nc5 12.Qc2 e5 13.dxe6 Nxe6 14.Nxe6 Bxe6 15.Bf4 Ne8 16.b3
Qe7 17.Rd2 Be5 18.Rad1 Qf6 19.Rd3 Qe7 20.Bc1 Rd8 21.e3 Qc7 22.Ne2 Rd7 23.h4
Ng7 24.Nf4 Bf7 25.e4 Ne6 26.exf5 gxf5 27.Bh3 Bg8 28.Nxe6 Bxe6 29.f4 Bg7 30.Re3
Re7 31.Rxe6 {#r} 1-0

[Event "Tournament (Elo) \"]
[Site "masterchessopen.com - Warsaw (Poland)"]
[Date "2009.05.22"]
[Round "7"]
[White "Michniewski Tomasz (POL)"]
[Black "Krasiewicz Robert (POL)"]
[Result "0-1"]
[WhiteElo "2190"]
[BlackElo "2094"]

1.d4 f5 2.c4 Nf6 3.Nf3 g6 4.g3 Bg7 5.Bg2 d6 6.O-O O-O 7.Nc3 c6 8.d5 Bd7 9.Nd4
Qe8 10.Qb3 Na6 11.Qxb7 Nc5 12.Qc7 cxd5 13.Nxd5 Rc8 14.Qxa7 Nxd5 15.Nxf5 gxf5
16.Bxd5+ e6 17.Bg2 Bc6 18.Rb1 Bxg2 19.Kxg2 Qc6+ 20.f3 Ra8 21.Qe7 Bf6 {#R} 0-1

[Event "Ch ASEAN (juniors) (under 10)"]
[Site "masterchessopen.com - Hue (Vietnam)"]
[Date "2009.06.10"]
[Round "6"]
[White "Tran Minh Thang (VIE)"]
[Black "Nguyen Huynh Tuan Hai (VIE)"]
[Result "1-0"]
[WhiteElo "2133"]
[BlackElo "1760"]

1.d4 f5 2.g3 g6 3.Bg2 Bg7 4.c4 d6 5.Nf3 c6 6.O-O Nf6 7.Nc3 O-O 8.Qc2 Na6 9.a3
Nc7 10.Bg5 Be6 11.b3 d5 12.c5 Ne4 13.Bf4 Ne8 14.Be5 N8f6 15.Ne1 Nxc3 16.Qxc3
Ne4 17.Bxe4 fxe4 18.Bxg7 Kxg7 19.Ng2 Bh3 20.Nf4 Rxf4 21.gxf4 Bxf1 22.Rxf1 Qc7
23.Qh3 Rf8 24.e3 Rf5 25.Kh1 Qd7 26.Rg1 Qe6 27.Qg4 Qf6 28.Kg2 e6 29.Kf1 Rh5
30.Qxh5 Qe7 31.Qe5+ Kf7 32.f5 {#r} 1-0

[Event "Ch ASEAN (juniors) (under 14)"]
[Site "masterchessopen.com - Hue (Vietnam)"]
[Date "2009.06.10"]
[Round "7"]
[White "Le Tuan Minh (VIE)"]
[Black "Chin Matthew-Peter (SIN)"]
[Result "1-0"]
[WhiteElo "2091"]
[BlackElo "1949"]

1.d4 f5 2.c4 Nf6 3.Nf3 g6 4.g3 Bg7 5.Bg2 O-O 6.O-O d6 7.Nc3 c6 8.d5 e5 9.dxe6
Bxe6 10.Qd3 Qe7 11.Ng5 h6 12.Nxe6 Qxe6 13.Bf4 Rd8 14.e4 fxe4 15.Nxe4 Nxe4
16.Bxe4 g5 17.Rfe1 Qf6 18.Bd2 d5 19.cxd5 Qxb2 20.Rab1 Qd4 21.Rxb7 Qxd3 22.Bxd3
cxd5 23.Ree7 Bf6 24.Rf7 Bd4 25.Rh7 Nc6 26.Rxh6 Rac8 27.Bf5 Rb8 28.Rxb8 Nxb8
29.Bxg5 Rf8 30.g4 Bb6 31.Rd6 d4 32.h4 {#r} 1-0

[Event "It (open)"]
[Site "masterchessopen.com - Heraklio (Greece)"]
[Date "2009.06.18"]
[Round "6"]
[White "Kourousis Epaminondas (GRE)"]
[Black "Kotrotsos Vasilios (GRE)"]
[Result "0-1"]
[WhiteElo "2237"]
[BlackElo "2359"]

1.Nf3 g6 2.c4 Bg7 3.Nc3 d6 4.g3 f5 5.d4 Nf6 6.Bg2 O-O 7.O-O c6 8.Rb1 Ne4 9.Qc2
Nxc3 10.Qxc3 e5 11.Bg5 Qe8 12.Qd2 f4 13.gxf4 h6 14.fxe5 hxg5 15.exd6 g4 16.Ne1
Bf5 17.Rd1 Nd7 18.e3 Nf6 19.c5 Be4 20.f3 gxf3 21.Bxf3 Nd5 22.Bxe4 Qxe4 23.Ng2
Bh6 24.Rxf8+ Rxf8 25.Qd3 Bxe3+ 26.Nxe3 Qxe3+ 27.Qxe3 Nxe3 28.Re1 Nf5 29.Re4
Kf7 30.Kf2 Rh8 31.Kg2 {#R} 0-1

[Event "Ch World (for the Blind) (juniors) (under 18)"]
[Site "masterchessopen.com - Uppsala (Sweden)"]
[Date "2009.06.21"]
[Round "2"]
[White "Koumtzis Argyris"]
[Black "Berggren Marcus (SWE)"]
[Result "0-1"]
[WhiteElo "1015"]
[BlackElo "1897"]

1.d4 f5 2.Nf3 Nf6 3.c4 g6 4.g3 Bg7 5.Bg2 O-O 6.O-O d6 7.Nc3 c6 8.Re1 Qe8 9.e4
h6 10.h3 Qf7 11.e5 Ne4 12.Nxe4 fxe4 13.Nd2 dxe5 14.dxe5 Qxf2+ 15.Kh2 Be6
16.Nxe4 Qb6 17.c5 Qc7 18.Bf4 Nd7 19.Qc2 Rf5 20.h4 Nxe5 21.Qc1 Kh7 22.Bh3 Nf3+
23.Kh1 Rxf4 24.Qxf4 Qxf4 25.gxf4 Bxh3 26.Re3 Bf5 27.Ng3 Nxh4 28.Rxe7 Rd8
29.Rxb7 Rd2 30.Nxf5 Nxf5 31.b3 Nd4 32.Rxa7 Nf3 {#R} 0-1

[Event "It (open)"]
[Site "masterchessopen.com - Agios Kirykos (Greece)"]
[Date "2009.07.18"]
[Round "8"]
[White "Papahristoudis Anastasios (GRE)"]
[Black "Klip Hans (NED)"]
[Result "0-1"]
[WhiteElo "2066"]
[BlackElo "2351"]

1.d4 f5 2.g3 g6 3.Bg2 Nf6 4.c4 Bg7 5.Nc3 d6 6.Nf3 O-O 7.O-O c6 8.Qc2 Qc7 9.b3
e5 10.dxe5 dxe5 11.e4 f4 12.Bb2 Nh5 13.c5 Bg4 14.h3 Bxf3 15.Bxf3 fxg3 16.Bxh5
gxf2+ 17.Rxf2 Rxf2 18.Qxf2 gxh5 19.Ne2 Na6 20.a3 Rf8 21.Qe3 Qf7 22.Kg2 Nxc5
23.Ng3 Qxb3 24.Qxb3+ Nxb3 25.Rd1 h4 26.Nf5 Nd4 27.Bxd4 exd4 28.Nxd4 Rd8 {#R}
0-1

[Event "It (open)"]
[Site "masterchessopen.com - Pardubice (Czech Republic)"]
[Date "2009.07.26"]
[Round "3"]
[White "Popilski Gil (ISR)"]
[Black "Leutwyler Martin (SUI)"]
[Result "1-0"]
[WhiteElo "2392"]
[BlackElo "2169"]

1.d4 f5 2.g3 Nf6 3.Bg2 g6 4.c4 Bg7 5.Nf3 O-O 6.O-O d6 7.Nc3 c6 8.b3 Qa5 9.Rb1
e5 10.b4 Qc7 11.dxe5 dxe5 12.c5 h6 13.e4 f4 14.Qb3+ Kh7 15.Bb2 Qe7 16.Nxe5 Na6
17.Nd5 cxd5 18.exd5 fxg3 19.hxg3 Ng4 20.d6 Qg5 21.Nxg4 Qxg4 22.Bxg7 Kxg7
23.Qc3+ Kh7 24.b5 Nb8 25.Rbe1 {#r} 1-0

[Event "It (w)"]
[Site "masterchessopen.com - Anapa (Russia)"]
[Date "2009.09.07"]
[Round "11"]
[White "Baraeva Irina (RUS)"]
[Black "Khlichkova Tatiana (RUS)"]
[Result "0-1"]
[WhiteElo "2038"]
[BlackElo "1984"]

1.c4 g6 2.Nc3 Bg7 3.Nf3 f5 4.d4 Nf6 5.g3 c6 6.Bg2 d6 7.O-O O-O 8.b3 Na6 9.Bb2
Nc7 10.Qd2 Ne4 11.Nxe4 fxe4 12.Ng5 d5 13.cxd5 cxd5 14.Nh3 Bg4 15.e3 Qd7 16.Nf4
g5 17.Ne2 Bf3 18.Rfc1 Rf6 19.Qa5 Rc8 20.Bf1 b6 21.Qe1 Rh6 22.Ba3 Rf8 23.Rc2
Rff6 24.Qb1 Rxh2 25.Bg2 Qh3 26.Bxf3 exf3 {#R} 0-1

[Event "Ch Netherlands (team) 2009/10"]
[Site "masterchessopen.com - Netherlands"]
[Date "2009.09.26"]
[Round "1"]
[White "Bitalzadeh Ali (NED)"]
[Black "Nijboer Friso (NED)"]
[Result "0-1"]
[WhiteElo "2434"]
[BlackElo "2552"]

1.d4 f5 2.c4 Nf6 3.g3 g6 4.Bg2 Bg7 5.Nf3 O-O 6.Nc3 d6 7.O-O c6 8.Rb1 Na6 9.b4
Ne4 10.Qd3 Nxc3 11.Qxc3 Nc7 12.b5 cxb5 13.cxb5 Kh8 14.a4 Bd7 15.Bf4 Nd5 16.Qb3
Be6 17.Bd2 Bg8 18.Qd3 Rc8 19.Rfe1 Nb6 20.e4 Bc4 21.Qe3 fxe4 22.Qxe4 Bd5 23.Qg4
Rc2 24.Be3 Qc8 25.Qxc8 Rfxc8 26.Rb4 Bf6 27.g4 Kg8 {#R} 0-1

[Event "Ch Europe (team)"]
[Site "masterchessopen.com - Novi Sad (Serbia)"]
[Date "2009.10.25"]
[Round "4"]
[White "Kozul Zdenko (CRO)"]
[Black "Volokitin Andrei (UKR)"]
[Result "1-0"]
[WhiteElo "2588"]
[BlackElo "2678"]

1.d4 f5 2.g3 Nf6 3.Bg2 g6 4.Nf3 Bg7 5.O-O O-O 6.c4 d6 7.Nc3 c6 8.Qc2 Na6 9.a3
Qe8 10.b4 e5 11.dxe5 dxe5 12.e4 f4 13.Bb2 Bg4 14.c5 Nc7 15.Nb1 Bxf3 16.Bxf3 g5
17.Nd2 g4 18.Be2 f3 19.Bc4+ Kh8 20.Rfe1 Qh5 21.Bf1 Ne6 22.Nc4 Ng5 23.Bxe5 Nh3+
24.Kh1 Rac8 25.Bxf6 Rxf6 26.Rad1 Rh6 27.Nd6 Ng5 28.h4 {#r} 1-0

[Event "Czech League 2009/10 (2nd) (b)"]
[Site "masterchessopen.com - Czech Republic"]
[Date "2009.11.08"]
[Round "2"]
[White "Hajsman Ladislav (CZE)"]
[Black "Papay Jindrich (CZE)"]
[Result "1-0"]
[WhiteElo "1788"]
[BlackElo "2051"]

1.d4 f5 2.c4 Nf6 3.Nf3 g6 4.g3 Bg7 5.Bg2 c6 6.O-O O-O 7.Nc3 d6 8.Re1 Nh5 9.e3
Na6 10.b3 Nc5 11.Bb2 Ne4 12.Qc2 Bd7 13.Rad1 Rc8 14.Nd2 Nxc3 15.Bxc3 e5 16.dxe5
dxe5 17.Nf3 Re8 18.Qd2 Rc7 19.c5 Qc8 20.Ba5 b6 21.cxb6 axb6 22.Bxb6 Rb7 23.Bc5
e4 24.Nd4 Nf6 25.Bf1 Qa8 26.Bc4+ Kh8 27.Ne2 Ng4 28.Bd4 Ne5 29.Bxe5 Rxe5 30.Nf4
Ra5 31.a4 Qe8 32.Qxa5 {#r} 1-0

[Event "NRW-liga 2009/10"]
[Site "masterchessopen.com - Germany"]
[Date "2009.12.20"]
[Round "4"]
[White "Krings Christoph (GER)"]
[Black "Horstmann Olaf (GER)"]
[Result "0-1"]
[WhiteElo "2221"]
[BlackElo "2196"]

1.d4 f5 2.Nf3 Nf6 3.c4 g6 4.g3 Bg7 5.Bg2 O-O 6.O-O d6 7.Nc3 c6 8.d5 e5 9.dxe6
Bxe6 10.Qd3 Re8 11.Ng5 Nbd7 12.Qxd6 Bxc4 13.Bf4 h6 14.Qb4 b5 15.Rad1 hxg5
16.Bxc6 gxf4 17.Bxa8 Bf8 {#R} 0-1

[Event "Ch City (open)"]
[Site "masterchessopen.com - Cheliabinsk (Russia)"]
[Round "1"]
[White "Gorbushin Maksim (RUS)"]
[Black "Chernyshev Sergej (RUS)"]
[Result "1-0"]
[WhiteElo "2042"]
[BlackElo "2125"]

1.c4 f5 2.Nc3 Nf6 3.g3 g6 4.Bg2 Bg7 5.Nf3 O-O 6.O-O d6 7.d4 c6 8.Bg5 h6 9.Bxf6
exf6 10.d5 c5 11.a3 Nd7 12.b4 b6 13.Rc1 Ne5 14.Nd2 h5 15.h3 h4 16.f4 hxg3
17.fxe5 fxe5 18.Rf3 e4 19.Rxg3 f4 20.Rxg6 Bf5 21.Rxg7+ Kxg7 22.Ndxe4 Rh8
23.Nb5 {#r} 1-0

[Event "It (open)"]
[Site "masterchessopen.com - Basel (Switzerland)"]
[Date "2010.01.02"]
[Round "2"]
[White "Grandadam Nicolas (SUI)"]
[Black "Siebrecht Sebastian (GER)"]
[Result "0-1"]
[WhiteElo "2245"]
[BlackElo "2421"]

1.d4 f5 2.c4 Nf6 3.g3 g6 4.Bg2 Bg7 5.Nf3 d6 6.Nc3 O-O 7.O-O c6 8.b3 Na6 9.Bb2
Qe8 10.d5 Bd7 11.Rc1 h6 12.e3 g5 13.Qe2 e5 14.dxe6 Bxe6 15.Rfe1 Qf7 16.Rcd1
Rad8 17.h4 Ne4 18.Rc1 Nac5 19.hxg5 hxg5 20.Qc2 Bc8 21.b4 Ne6 22.Nxe4 fxe4
23.Nd4 Nxd4 24.Bxd4 Bxd4 25.exd4 d5 26.Qd2 Qh5 27.cxd5 cxd5 28.Rc7 Rd6 29.Rec1
Bg4 30.Rxb7 Rh6 31.Rcc7 Qh2+ 32.Kf1 Qh1+ {#R} 0-1

[Event "It (open) \"]
[Site "masterchessopen.com - Schwaebisch Gmund (Germany)"]
[Date "2010.01.02"]
[Round "1"]
[White "Waibel Rainer (GER)"]
[Black "Buecker Stefan (GER)"]
[Result "0-1"]
[WhiteElo "1883"]
[BlackElo "2342"]

1.c4 f5 2.Nf3 Nf6 3.Nc3 d6 4.d4 g6 5.g3 Bg7 6.Bg2 O-O 7.O-O c6 8.Re1 Na6 9.e4
fxe4 10.Nxe4 Nxe4 11.Rxe4 Bf5 12.Rf4 e5 13.dxe5 dxe5 14.Qxd8 Raxd8 15.Rh4 Rd1+
16.Bf1 g5 17.Rh5 Bg4 {#R} 0-1

[Event "Ch Mineiro"]
[Site "masterchessopen.com - Belo Horizonte (Brazil)"]
[Date "2010.01.06"]
[Round "3"]
[White "Ramos Bruce Vicente (BRA)"]
[Black "Marques Joao Paulo Cassemiro (BRA)"]
[Result "0-1"]
[WhiteElo "1985"]
[BlackElo "1949"]

1.Nf3 f5 2.d4 Nf6 3.c4 g6 4.Nc3 Bg7 5.g3 O-O 6.Bg2 d6 7.O-O c6 8.d5 e5 9.dxe6
Bxe6 10.Bf4 Bxc4 11.Bxd6 Re8 12.Ne5 Be6 13.Qd3 Nbd7 14.Rfd1 Nxe5 15.Bxe5 Qa5
16.Bd6 Ng4 17.b4 Qa3 18.Rac1 Ne5 19.Qc2 Nf7 20.Bc5 Rad8 21.Rxd8 Rxd8 22.e4
Bxc3 23.Qxc3 Rd1+ 24.Rxd1 Qxc3 25.exf5 Bxf5 26.Bf1 Qf3 {#R} 0-1

[Event "Ch Europe (seniors) (team)"]
[Site "masterchessopen.com - Dresden (Germany)"]
[Date "2010.02.13"]
[Round "4"]
[White "Nautsch Werner (GER)"]
[Black "Hajenius Willem (BEL)"]
[Result "0-1"]
[WhiteElo "2222"]
[BlackElo "2036"]

1.d4 f5 2.c4 Nf6 3.g3 g6 4.Bg2 Bg7 5.Nc3 O-O 6.Nf3 d6 7.O-O c6 8.Bg5 h6 9.Bd2
Qe8 10.Qb3 Kh7 11.Rad1 Na6 12.a3 e5 13.e3 Rb8 14.Qc2 e4 15.Ne1 Nc7 16.b4 Be6
17.Na4 b5 18.Nb2 Qf7 19.Rc1 Rfc8 20.f3 Qd7 21.cxb5 Nxb5 22.a4 Nc7 23.Qxc6 Qe7
24.Qc2 Ncd5 25.Qd1 Rxc1 26.Qxc1 Nxb4 27.Nc2 Na2 28.Qa1 Qb7 29.Nd1 Bc4 30.Re1
Qb3 31.Ba5 Qxc2 32.Nf2 Rb2 {#R} 0-1